Regimenes matrimoniales: sociedad conyugal, separación de bienes, participación en los gananciales, bienes familiares con las modificaciones introducidas al Código Civil y otros textos legales por Leyes N§s 18.802 y 19.335
Gardado en:
| Autor Principal: | |
|---|---|
| Formato: | Libro |
| Idioma: | Lingua castelá |
| Publicado: |
Santiago
Jurídica ConoSur
1995
|
| Subjects: | |
| Tags: |
Engadir etiqueta
Sen Etiquetas, Sexa o primeiro en etiquetar este rexistro!
|
MARC
| LEADER | 00000nam a2200000 a 4500 | ||
|---|---|---|---|
| 001 | UCL7198 | ||
| 003 | CL-VaPUC | ||
| 008 | 040507e19950000CL |||||||||||||||||spa|d | ||
| 020 | |a 9562380661 | ||
| 082 | 0 | 4 | |a 346.016 |b FRI |2 21 |
| 100 | 0 | |a Frigerio Castaldi, César |e author |9 485023 | |
| 245 | 1 | 0 | |a Regimenes matrimoniales: sociedad conyugal, separación de bienes, participación en los gananciales, bienes familiares con las modificaciones introducidas al Código Civil y otros textos legales por Leyes N§s 18.802 y 19.335 |
| 300 | |a 235 p | ||
| 942 | |c BK | ||
| 945 | |d 20040507 00:00:00 |a cmena | ||
| 260 | |a Santiago |b Jurídica ConoSur |c 1995 | ||
| 650 | 0 | |a Regímenes matrimoniales |9 357525 | |
| 650 | 7 | |a MATRIMONIOS |2 CL-VaPUC |9 357526 | |
| 650 | 0 | |a Sociedad conyugal |9 357527 | |
| 650 | 7 | |a BIENES GANANCIALES |2 CL-VaPUC |9 333667 | |
| 650 | 0 | |a Separación de bienes |9 357529 | |
| 583 | |a last modification |c 20040507 00:00:00 |k Rodrigo Vera | ||
| 999 | |c 309050 |d 309048 | ||